000 00435nam a2200181Ia 4500
001 20316
005 20260306172757.0
008 260306t2008||||xx |||||||||||||| ||spa||
041 _aESP
082 _a343.11
_bB13
100 _aBachof, Otto
_eAUT
245 0 _a¿Normas constitucionales inconstitucionales?
260 _c2008
300 _a92 páginas :
_c21 cm.
650 _aGEN
654 _aCDE
942 _cLIB
_dJUS
_fJUS
_2ddc
_n
999 _c20316
_d20316